Criminological and forensic psychology (Record no. 62616)

MARC details
000 -LEADER
fixed length control field 02484nam a2200337 a 4500
001 - CONTROL NUMBER
control field 17703020
008 - FIXED-LENGTH DATA ELEMENTS--GENERAL INFORMATION
fixed length control field 180906s2014 ||||||||||||||||| || u
010 ## - LIBRARY OF CONGRESS CONTROL NUMBER
LC control number 2013938304
020 ## - INTERNATIONAL STANDARD BOOK NUMBER
International Standard Book Number 9781848607002
020 ## - INTERNATIONAL STANDARD BOOK NUMBER
International Standard Book Number 9781848607019 (pbk.)
020 ## - INTERNATIONAL STANDARD BOOK NUMBER
International Standard Book Number 1848607008 (hbk.)
020 ## - INTERNATIONAL STANDARD BOOK NUMBER
International Standard Book Number 1848607016 (pbk.)
050 ## - LIBRARY OF CONGRESS CALL NUMBER
Classification number HV 6080 Gav
100 ## - MAIN ENTRY--PERSONAL NAME
Personal name Gavin, Helen
245 10 - TITLE STATEMENT
Title Criminological and forensic psychology
Statement of responsibility, etc. By Helen Gavin
260 ## - PUBLICATION, DISTRIBUTION, ETC.
Place of publication, distribution, etc. Los Angeles:
Name of publisher, distributor, etc. SAGE Publications
Date of publication, distribution, etc. 2014
300 ## - PHYSICAL DESCRIPTION
Extent xi, 409p.: ill.
336 ## - CONTENT TYPE
Content type term text
Source rdacontent
337 ## - MEDIA TYPE
Media type term unmediated
Source rdamedia
338 ## - CARRIER TYPE
Carrier type term volume
Source rdacarrier
500 ## - GENERAL NOTE
General note Includes bibliographical references (pages 367-400) and index. Also issued online.
505 ## - FORMATTED CONTENTS NOTE
Formatted contents note Part 1: Defining criminological and forensic psychology: Defining Forensic Psychology -- Research Methods in Forensic Psychology -- Part 2: Psychological explanations of crime: Theoretical Explanations of Crime -- Who Commits Crime? The Criminal Mind -- Juvenile Criminals -- Part 3: Psychological explanations of specific crime types: The Psychology of Homicide -- The Psychology of Terrorism -- Crimes of a Sexual Nature -- The Psychology of Firesetting -- The Psychology of Theft, Robbery and Burglary -- The Psychology of Economic Crime -- Part 4: Psychology in detection and investigation: Psychology in the Investigation of Crime -- Psychology in the Police Station 1: Victims and Witnesses -- Psychology in the Police Station 2: Investigative Interviews and the Psychology of False Confession -- Part 5: Psychology in the court room -- Psychology in Court 1 -- Psychology in Court 2 - The Defendant's Mind -- Psychology in Court 3 - The Jury -- Part 6: Psychology in prison: Imprisonment and Mental Disorder -- Long Term and Life Imprisonment.
650 #0 - SUBJECT ADDED ENTRY--TOPICAL TERM
Topical term or geographic name entry element FORENSIC PSYCHOLOGY-TEXTBOOKS
650 #7 - SUBJECT ADDED ENTRY--TOPICAL TERM
Topical term or geographic name entry element CRIMINAL PSYCHOLOGY
Source of heading or term fast
650 #0 - SUBJECT ADDED ENTRY--TOPICAL TERM
Topical term or geographic name entry element CRIMINAL PSYCHOLOGY--TEXTBOOKS
650 #7 - SUBJECT ADDED ENTRY--TOPICAL TERM
Topical term or geographic name entry element FORENSIC PSYCHOLOGY
Source of heading or term fast
655 ## - INDEX TERM--GENRE/FORM
Genre/form data or focus term Textbooks
995 ## - RECOMMENDATION 995 [LOCAL, UNIMARC FRANCE]
-- CBU-MAIN LIBRARY (Kitwe)
-- 57.75
-- 3
-- AVAILABLE
-- Sep 6, 2018
-- Main Library Open Access Collection
995 ## - RECOMMENDATION 995 [LOCAL, UNIMARC FRANCE]
-- CBU-MAIN LIBRARY (Kitwe)
-- 57.75
-- 2
-- AVAILABLE
-- Sep 6, 2018
-- Main Library Open Access Collection
995 ## - RECOMMENDATION 995 [LOCAL, UNIMARC FRANCE]
-- CBU-MAIN LIBRARY (Kitwe)
-- 57.75
-- 1
-- AVAILABLE
-- Sep 6, 2018
-- Main Library Open Access Collection
Holdings
Withdrawn status Lost status Source of classification or shelving scheme Damaged status Not for loan Home library Current library Shelving location Date acquired Total Checkouts Full call number Barcode Date last seen Price effective from Koha item type
          CBU-MAIN LIBRARY, KITWE. CBU-MAIN LIBRARY, KITWE.   12/15/2022   HV 6080 Gav 748577 12/15/2022 12/15/2022 MONOGRAPH
          CBU-MAIN LIBRARY, KITWE. CBU-MAIN LIBRARY, KITWE.   12/15/2022   HV 6080 Gav 748575 12/15/2022 12/15/2022 MONOGRAPH
          CBU-MAIN LIBRARY, KITWE. CBU-MAIN LIBRARY, KITWE.   12/15/2022   HV 6080 Gav 748576 12/15/2022 12/15/2022 MONOGRAPH